000 00901nmm a2200241 a 4500
001 ocm000702542
003 TR-IsHL
005 20201028123836.0
008 130902s1997 tu tur
007 cr cn
035 _a702542
_b(N$T)
050 0 4 _aKKX54.7
_b.Y57 1997
090 0 4 _aKKX54.7
_b.Y57 1997
245 1 0 _aXXIV. olağan genel kurul, 24 - 25 Mayıs 1997, Gaziantep başkanlık raporu ve yönetim kurulu çalışma raporu
_h[electronic resource]
260 _aAnkara :
_bTürkiye Barolar Birliği,
_c1997
300 _a325 p.
650 4 _aHukuk
650 4 _aLaw
650 0 _aTürkiye Barolar Birliği
_x Olağanüstü Genel Kurul Toplantısı
650 0 _aUnion of Turkish Bar Associations
_x Extraordinary General Assembly Meeting
650 7 _aLAW / General
_2bisacsh
856 4 0 _uhttp://search.ebscohost.com/login.aspx?direct=true&scope=site&db=e011xww&AN=702542
999 _c2629
_d2629